000 00403nam a22001457a 4500
005 20200617141723.0
008 200617b xxu||||| |||| 00| 0 eng d
082 _a345.4 AIR
110 _aALL INDIA REPORTER,
_96148
245 _aALL INDIA REPORTER, [1989] [VOL-76] SUPREME COURT SECTION
260 _aMUMBAI
_bALL INDIA REPORTER, PVT. LTD.
300 _a1158;p
650 _aLAW
_95701
942 _cJRL
999 _c7201
_d7199